Statistics for 35 YouTubers with Most Subscribers

Click here to take the quiz!

General Stats

  • This quiz has been taken 10 times
  • The average score is 4 of 35

Answer Stats

SubscribersNationalityYoutubers% Correct
87 millionSwedishPewDiePie
86%
23 millionAmericanMarkiplier
57%
21 millionBritishDanTDM
29%
38 millionChileanHolaSoyGerman.
29%
21 millionIrishjacksepticeye
29%
20 millionBritishKSI
29%
24 millionAmericanSmosh
29%
39 millionAmericanDude Perfect
14%
30 millionBrazilianFelipe Neto
14%
18 millionAmericanJake Paul
14%
16 millionAmericanLiza Koshy
14%
18 millionAmericanLogan Paul Vlogs
14%
21 millionAmericannigahiga
14%
21 millionAmericanNinja
14%
24 millionCanadianVanossGaming
14%
22 millionBrazilianVocê Sabia?
14%
34 millionBrazilianwhinderssonnunes
14%
16 millionBrazilianAuthentic Games
0%
18 millionBrazilianCanalCanalha
0%
17 millionAmericanCollins Key
0%
33 millionBrazilianelrubiusOMG
0%
32 millionSalvadoranFernanfloo
0%
19 millionAmericanJennaMarbles
0%
20 millionAmerican✿ Kids Diana Show
0%
16 millionMexicanKimberly Loaiza
0%
18 millionRussianLike Natsya Vlog
0%
18 millionMexicanLosPolinesios
0%
22 millionBrazilianLuccas Neto
0%
21 millionMexicanLuisito Comunica
0%
22 millionBrazilianrezendeevil
0%
18 millionAmericanRyan ToysReview
0%
20 millionAmericanshane
0%
22 millionAmericanToyPudding TV
0%
25 millionSpanishVEGETTA777
0%
23 millionMexicanYuya
0%

Score Distribution

Percentile by Number Answered

Percent of People with Each Score

Your Score History

You have not taken this quiz